Our Quaid (Record no. 16102)
[ view plain ]
| 000 -LEADER | |
|---|---|
| fixed length control field | 00424nam a22001577a 4500 |
| 003 - CONTROL NUMBER IDENTIFIER | |
| control field | OSt |
| 020 ## - INTERNATIONAL STANDARD BOOK NUMBER | |
| International Standard Book Number | 9789698535186 |
| 040 ## - CATALOGING SOURCE | |
| Original cataloging agency | 1 |
| 082 ## - DEWEY DECIMAL CLASSIFICATION NUMBER | |
| Classification number | 920 |
| Author Mark | BAZ 2014 |
| 100 ## - MAIN ENTRY--PERSONAL NAME | |
| Personal name | Bazmi, Aslam |
| 245 ## - TITLE STATEMENT | |
| Title | Our Quaid |
| Remainder of title | As Remembered and Reported |
| Statement of responsibility, etc. | Aslam Bazmi |
| 260 ## - PUBLICATION, DISTRIBUTION, ETC. | |
| Place of publication, distribution, etc. | Islamabad |
| Name of publisher, distributor, etc. | NUST |
| Date of publication, distribution, etc. | 2014 |
| 300 ## - PHYSICAL DESCRIPTION | |
| Extent | 166 p. |
| Other physical details | 22 cm. |
| 650 ## - SUBJECT ADDED ENTRY--TOPICAL TERM | |
| Topical term or geographic name entry element | Hard Work and Diligence, Commitment to Principles, Democratic Attitude |
| 942 ## - ADDED ENTRY ELEMENTS (KOHA) | |
| Source of classification or shelving scheme | |
| Koha item type | Book |
| Withdrawn status | Lost status | Damaged status | Not for loan | Collection code | Permanent Location | Current Location | Shelving location | Date acquired | Total Checkouts | Full call number | Barcode | Date last seen | Price effective from | Koha item type |
|---|---|---|---|---|---|---|---|---|---|---|---|---|---|---|
| Centre for International Peace & Stability (CIPS) | Centre for International Peace & Stability (CIPS) | General Stacks | 10/01/2014 | 920 BAZ 2014 | CIPSD0000157 | 11/06/2014 | 11/06/2014 | Book | ||||||
| Centre for International Peace & Stability (CIPS) | Centre for International Peace & Stability (CIPS) | General Stacks | 10/01/2014 | 920 BAZ 2014 | CIPSD0000156 | 11/06/2014 | 11/06/2014 | Book | ||||||
| Centre for International Peace & Stability (CIPS) | Centre for International Peace & Stability (CIPS) | General Stacks | 10/01/2014 | 920 BAZ 2014 | CIPSD0000155 | 11/06/2014 | 11/06/2014 | Book | ||||||
| Centre for International Peace & Stability (CIPS) | Centre for International Peace & Stability (CIPS) | General Stacks | 05/29/2015 | 920 BAZ 2014 | CIPS0002587 | 06/03/2015 | 06/03/2015 | Book | ||||||
| Centre for International Peace & Stability (CIPS) | Centre for International Peace & Stability (CIPS) | General Stacks | 05/29/2015 | 920 BAZ 2014 | CIPS0002586 | 06/03/2015 | 06/03/2015 | Book |
